=LDR 00000nam 2200000 4500 =001 000894 =005 20250712120706 =035 ##$$a 0010-0725000772 =007 ta =008 250712################a##########0#ind## =020 ##$$a 978-623-307-037-9 =082 ##$$a 398. 209 598 =084 ##$$a 398. 209 598 SAN p =100 #$$a Sanjaya, Muhamad =245 1#$$a Petualangan Sangga /$c Muhamad Sanjaya =250 ##$$a Cetakan Pertama =260 ##$$a Jakarta Timur :$b Badan Pengembangan dan Pembinaan Bahasa,$c 2024 =300 ##$$a 28 hlm. : $b Ilus. ; $c 29,7 cm =650 #4$$a CERITA ANAK-INDONESIA =650 #4$$a KOMIK =856 ##$$a TBM As-Suhada =990 ##$$a TBM202400622